Micro - level planning in tribal areas (Record no. 4143)

000 -LEADER
fixed length control field 00380pab a2200157 454500
008 - FIXED-LENGTH DATA ELEMENTS--GENERAL INFORMATION
fixed length control field 180718b1990 xxu||||| |||| 00| 0 eng d
100 ## - MAIN ENTRY--PERSONAL NAME
Personal name Sethia, Suman
245 ## - TITLE STATEMENT
Title Micro - level planning in tribal areas
260 ## - PUBLICATION, DISTRIBUTION, ETC.
Date of publication, distribution, etc. 1990
300 ## - PHYSICAL DESCRIPTION
Extent 24-5
362 ## - DATES OF PUBLICATION AND/OR SEQUENTIAL DESIGNATION
Dates of publication and/or sequential designation 16 May
650 ## - SUBJECT ADDED ENTRY--TOPICAL TERM
Topical term or geographic name entry element Backward region - India - Rajasthan
700 ## - ADDED ENTRY--PERSONAL NAME
Personal name Pritam Joshi
773 ## - HOST ITEM ENTRY
Main entry heading Yojana
909 ## -
-- 4143
Holdings
Withdrawn status Lost status Damaged status Not for loan Permanent Location Current Location Date acquired Serial Enumeration / chronology Barcode Date last seen Price effective from Koha item type
        Indian Institute of Public Administration Indian Institute of Public Administration 2018-07-19 Volume no: 34, Issue no: 9 AR4144 2018-07-19 2018-07-19 Articles

Powered by Koha